|
|
|
|
| LEADER |
00000nam0a2200000 4500 |
| 001 |
126687 |
| 005 |
20231031131943.0 |
| 020 |
|
|
|a RU
|b 85-15396
|
| 035 |
|
|
|a (RuTPU)RU\TPU\book\137047
|
| 090 |
|
|
|a 126687
|
| 100 |
|
|
|a 20071203d1985 m y0rusy5003 ca
|
| 101 |
0 |
|
|a rus
|
| 102 |
|
|
|a UA
|
| 105 |
|
|
|a a z 001zy
|
| 200 |
1 |
|
|a Прыжок в высоту
|f Р. В. Жордочко, В. Д. Полищук
|
| 210 |
|
|
|a Киев
|c Здоров,я
|d 1985
|
| 215 |
|
|
|a 144 с.
|c ил.
|
| 333 |
|
|
|a Исключено из фонда НТБ ТПУ
|
| 700 |
|
1 |
|a Жордочко
|b Р. В.
|g Ростислав Владимирович
|
| 701 |
|
1 |
|a Полищук
|b В. Д.
|g Виталий Дмитриевич
|
| 801 |
|
0 |
|a RU
|b RuMRKP
|c 19950704
|g psbo
|
| 801 |
|
1 |
|a RU
|b 63413507
|c 20071203
|g PSBO
|
| 801 |
|
2 |
|a RU
|b 63413507
|c 20220616
|g PSBO
|
| 942 |
|
|
|c BK
|